| 000 | 00723nam a2200241 u 4500 | ||
|---|---|---|---|
| 005 | 20240809063746.0 | ||
| 008 | 170208s2009 es r 000 0 spa d | ||
| 020 | _a9788444141039 | ||
| 035 | _aUPN01000215864 | ||
| 049 | _aI | ||
| 050 | 4 |
_aHQ755.85 _bC3.5 |
|
| 100 | 1 |
_aCarreño, Maite _934605 |
|
| 245 | 1 | 0 |
_aMaría Ite : _b¡vaya trasquilón / _cMaite Carreño ; il. Tesa González. |
| 260 |
_aLeón, Esp. : _bEverest, _c2009. |
||
| 300 |
_a32 p. : _bil. col. |
||
| 440 | 0 |
_aLeer es vivir. _pA partir de 5 años |
|
| 650 | 0 |
_aRelación padres-hijos _91359 |
|
| 650 | 4 |
_aConducta infantil _95683 |
|
| 650 | 4 |
_aLibros y lectura para niños _92290 |
|
| 905 | _aInfantil | ||
| 999 |
_c187964 _d187964 |
||